Nomes que começam com l - Statistics

Estatísticas Gerais
  • Esse quiz foi jogado 95 vezes
  • A pontuação média é 13 de 32
Estatísticas das Respostas
Hint Resposta % Correto
1. Luís
88%
2. Luísa
83%
30. Lucas
81%
9. Laura
80%
26. Leonardo
72%
7. Lara
70%
14. Letícia
70%
15. Lúcia
67%
23. Leandro
63%
4. Luana
59%
31. Luciano
55%
32. Lúcio
55%
3. Lídia
50%
24. Leandra
39%
11. Leonor
39%
20. Lurdes
38%
21. Luz
34%
6. Lisa
33%
5. Liliana
30%
16. Lígia
28%
12. Leila
23%
27. Leonel
23%
25. Lourenço
23%
13. Lucinda
20%
10. Laurinda
17%
28. Leopoldo
17%
19. Lissandra
14%
18. Lisete
13%
8. Larisa
9%
29. Lino
9%
22. Laurentino
0%
17. Luaciana
0%
Nenhum quiz correspondente encontrado
Distribuição das Pontuações
Porcentagem de Pessoas com Cada Pontuação
Percentil de Números Respondidos
Sua Pontuação Histórica
Você não jogou esse quiz